000
00304 a2200157 4500
001
165883
020
_a
040
_c
Magnum
100
_a
Gullar, Ferreira
240
1
0
_a
Gamacao
_l
por
245
1
0
_a
Gamacao
362
0
_a
1899
440
1
_a
Global
697
_a
J/ADOLESCENTE, NAMORO
942
_c
BK
999
_c
165883
_d
165883